000 01010cam a22003251 4500
999 _c17509
_d17509
001 9863679
003 ASL
005 20231015025544.0
008 161208s1964 pk a b 00| 0 eng |
010 _asa 65001563
025 _aPL480:EP-E-256
035 _a(OCoLC)7567274
040 _aDLC
_cMnSU
_dOCoLC
_dASL
042 _apremarc
043 _aa-pk---
050 0 0 _aQL634.P3
_bB48 1964
082 _a597
_bBHF
100 1 _aBhuiyan, Abdul Latif.
_978
245 1 0 _aFishes of Dacca/
250 _a[1st ed.]
260 _aDacca:
_bAsiatic Society of Pakistan,
_c1964.
300 _a148 p.:
_billus.;
_c24 cm.
440 _aAsiatic Society of Pakistan publication.
_9215
_vno. 16
502 _aRevision of thesis (M. SC.)--University of the Panjab.
504 _aBibliography: p. [130]-145.
650 0 _aFreshwater fishes
_zBangladesh
_zDhaka.
_979
810 2 _aAsiatic Society of Pakistan.
_tPublications ;
_vno. 13.
_980
906 _a7
_bcbc
_coclcrpl
_du
_encip
_f19
_gy-gencatlg
942 _2ddc
_cBK